Making every history lesson count. Six principles to support great history teaching
Uloženo v:
| Hlavní autor: | |
|---|---|
| Další autoři: | , |
| Médium: | Kniha |
| Jazyk: | angličtina |
| Vydáno: |
Carmarthen, United Kingdom
Crown House Publishing Limited
2018
|
| Témata: | |
| Tagy: |
Přidat tag
Žádné tagy, Buďte první, kdo vytvoří štítek k tomuto záznamu!
|
MARC
| LEADER | 00000cam a2200000 a 4500 | ||
|---|---|---|---|
| 001 | UCC8391 | ||
| 003 | CL-VaPUC | ||
| 005 | 20210507001528.0 | ||
| 008 | 190621e20180000uk |||||||||||||||||eng|d | ||
| 999 | |c 374727 |d 374725 | ||
| 020 | |a 9781785833366 | ||
| 040 | |c Pontificia Universidad Católica de Valparaíso | ||
| 082 | 0 | 4 | |a 907.1241 RUN 2018 |2 21 |
| 100 | 0 | |a Runeckles, Chris |e author |9 603071 | |
| 245 | 1 | 0 | |a Making every history lesson count. |b Six principles to support great history teaching |
| 260 | |a Carmarthen, United Kingdom |b Crown House Publishing Limited |c 2018 | ||
| 300 | |a 148 páginas | ||
| 583 | |a last modification |c 20190621 12:31:00 |k Rodrigo Vera | ||
| 650 | 0 | |a Enseñanza de la historia |9 307330 | |
| 650 | 0 | |a Métodos de enseñanza |9 270413 | |
| 700 | |a Allison, Shaun |e editor |9 856971 | ||
| 700 | |a Tharby, Andy |e editor |9 856972 | ||
| 852 | |a BIBEDU | ||
| 942 | |c BK |2 ddc | ||
| 945 | |d 20190621 12:31:00 |a dcastane | ||
| 952 | |0 0 |1 0 |3 erb |4 0 |6 907_124100000000000_RUN_2018 |7 0 |8 A |9 493422 |a BIBHIS |b BIBHIS |d 2019-06-20 |e 41 |i 5553970 |l 1 |o 907.1241 RUN 2018 |p 5553970 |r 2025-01-20 |s 2020-03-09 |w 2019-11-24 |y BK |z Catalogado en:20190621 |k HIS | ||